Pracujú aj s príbuznými liečených pacientov Na návšteve psychiatrického oddelenia NsP v Levoči

Bibliographic Details
Main Author: Hrubovčák, Jozef (Author)
Format: Article
Language:Slovak
Subjects:

MARC

LEADER 00000nab a2200000 a 4500
001 vtls001017844
003 SK-MaSNL
005 20260303035426.0
008 140303e20020000xo 0 slo
035 |a SN3793 
040 |a SNSK  |b slo  |c SNSK  |e AACR2 
041 0 |a slo 
044 |a xo  |c SK 
080 |a 362.11/.12  |2 1981 
100 1 |a Hrubovčák, Jozef  |4 aut  |9 265648 
245 1 0 |a Pracujú aj s príbuznými liečených pacientov  |b Na návšteve psychiatrického oddelenia NsP v Levoči 
610 2 7 |a Nemocnica s poliklinikou (Levoča, Slovensko)  |2 SNSK  |9 33844 
650 0 7 |a medicína  |2 SNSK  |9 899 
650 0 7 |a oddelenie psychiatrické  |2 SNSK  |9 1022133 
650 0 7 |a dejiny  |2 SNSK  |9 3825 
650 0 7 |a činnosť  |2 SNSK  |9 282874 
651 7 |a Levoča (Slovensko)  |2 SNSK  |9 26696 
773 0 8 |t Zdravotnícke noviny  |g Roč. 7, č.25 (2002), s. 8 
852 |a ZVYKNI  |b KIS3GCP 
999 |c 1677499  |d 1679429